000 00322nam a22001457a 4500
008 210305b ||||| |||| 00| 0 eng d
020 _a9780814740484
041 _aeng
080 _22nd
_a94
082 _a94
100 _a16
101 _aHIS
245 _aWorld History in Document's
_cStearns, P.N
942 _2udc
_cBK
999 _c55857
_d55857